000 00203nam a2200109Ia 4500
100 _a#N/A
942 _cBK
654 _ajava 2
245 _aJava 2 Network Security
260 _b#N/A
546 _aENGLISH
999 _c31414
_d31414